The house of Rothschild / (Record no. 19383)
[ view plain ]
| 000 -LEADER | |
|---|---|
| fixed length control field | 01721cam a22003975a 4500 |
| 001 - CONTROL NUMBER | |
| control field | 14941253 |
| 005 - DATE AND TIME OF LATEST TRANSACTION | |
| control field | 20150524114957.0 |
| 008 - FIXED-LENGTH DATA ELEMENTS--GENERAL INFORMATION | |
| fixed length control field | 070725m19982000nyuaj frb 001 0ceng d |
| 020 ## - INTERNATIONAL STANDARD BOOK NUMBER | |
| International Standard Book Number | 9780140240849 (v.1) |
| 020 ## - INTERNATIONAL STANDARD BOOK NUMBER | |
| International Standard Book Number | 0670857688 (v. 1) |
| 020 ## - INTERNATIONAL STANDARD BOOK NUMBER | |
| International Standard Book Number | 0140240845 (v. 1) |
| 020 ## - INTERNATIONAL STANDARD BOOK NUMBER | |
| International Standard Book Number | 9780140286625 (v. 2) |
| 020 ## - INTERNATIONAL STANDARD BOOK NUMBER | |
| International Standard Book Number | 0670887943 (hc.) (v. 2) |
| 040 ## - CATALOGING SOURCE | |
| Original cataloging agency | YEP |
| Language of cataloging | eng |
| Transcribing agency | YEP |
| Modifying agency | OCL |
| -- | VYM |
| -- | OCLCQ |
| -- | BAKER |
| -- | DLC |
| -- | EG-ScBUE |
| 043 ## - GEOGRAPHIC AREA CODE | |
| Geographic area code | e------ |
| 082 04 - DEWEY DECIMAL CLASSIFICATION NUMBER | |
| Classification number | 332.109224 |
| Item number | FER |
| Edition number | 22 |
| 100 1# - MAIN ENTRY--PERSONAL NAME | |
| Personal name | Ferguson, Niall. |
| 9 (RLIN) | 36876 |
| 245 14 - TITLE STATEMENT | |
| Title | The house of Rothschild / |
| Statement of responsibility, etc | Niall Ferguson. |
| 260 ## - PUBLICATION, DISTRIBUTION, ETC. (IMPRINT) | |
| Place of publication, distribution, etc | New York ; |
| -- | London : |
| Name of publisher, distributor, etc | Penguin Books, |
| Date of publication, distribution, etc | 1998-2000. |
| 300 ## - PHYSICAL DESCRIPTION | |
| Extent | 2 v. : |
| Other physical details | ill. (some col.) ; |
| Dimensions | 24 cm. |
| 500 ## - GENERAL NOTE | |
| General note | "In Great Britain The house of Rothschild was published as first volume by Weidenfeld & Nicolson as The world's banker"--T.p. verso. |
| 500 ## - GENERAL NOTE | |
| General note | "In Great Britain The house of Rothschild was published as second volume by Weidenfeld & Nicolson as The world's banker" under the title the World's Banker : the history of the house of Rothschild --T.p. verso. |
| 500 ## - GENERAL NOTE | |
| General note | First published in the United States of America by Viking Penguin --T.p. verso. |
| 500 ## - GENERAL NOTE | |
| General note | Includes appendices. |
| 500 ## - GENERAL NOTE | |
| General note | Includes appendices. |
| 504 ## - BIBLIOGRAPHY, ETC. NOTE | |
| Bibliography, etc | Includes bibliographical references and indexes. |
| 505 0# - FORMATTED CONTENTS NOTE | |
| Formatted contents note | [v. 1]. Money's prophets, 1798-1848 -- [v. 2]. The world's banker, 1849-1999. |
| 600 30 - SUBJECT ADDED ENTRY--PERSONAL NAME | |
| Personal name | Rothschild family. |
| 650 #0 - SUBJECT ADDED ENTRY--TOPICAL TERM | |
| Topical term or geographic name as entry element | Bankers |
| Geographic subdivision | Europe |
| Form subdivision | Biography. |
| Source of heading or term | BUEsh |
| 650 #0 - SUBJECT ADDED ENTRY--TOPICAL TERM | |
| Topical term or geographic name as entry element | Banks and banking |
| Geographic subdivision | Europe |
| General subdivision | History |
| Chronological subdivision | 19th century. |
| Source of heading or term | BUEsh |
| 650 #0 - SUBJECT ADDED ENTRY--TOPICAL TERM | |
| Topical term or geographic name as entry element | Jews |
| Geographic subdivision | Europe |
| Form subdivision | Biography. |
| Source of heading or term | BUEsh |
| 651 ## - SUBJECT ADDED ENTRY--GEOGRAPHIC NAME | |
| Source of heading or term | BUEsh |
| 653 ## - INDEX TERM--UNCONTROLLED | |
| Resource For college | BAEPS, Business Administration |
| Arrived date list | May2015 |
| 655 ## - INDEX TERM--GENRE/FORM | |
| Form subdivision | |
| -- | 34232 |
| 942 ## - ADDED ENTRY ELEMENTS (KOHA) | |
| Source of classification or shelving scheme | Dewey Decimal Classification |
| Call number prefix | 332.109224 FER |
| Withdrawn status | Item status | Source of classification or shelving scheme | Damaged status | Not for loan | Vendor | Home library | Current library | Shelving location | Date acquired | Source of acquisition | Cost, normal purchase price | Serial Enumeration / chronology | Total Checkouts | Total Renewals | Full call number | Barcode | Date last seen | Date last borrowed | Cost, replacement price | Koha item type | Public note |
|---|---|---|---|---|---|---|---|---|---|---|---|---|---|---|---|---|---|---|---|---|---|
| Dewey Decimal Classification | Baccah | Central Library | Central Library | First floor | 20/05/2015 | 136.00 | 22353 | 2 | 21 | 332.109224 FER | 000038270 | 15/07/2025 | 03/10/2017 | 170.00 | Book - Borrowing | Vol. 1. | |||||
| Dewey Decimal Classification | Baccah | Central Library | Central Library | First floor | 20/05/2015 | 107.00 | 22353 | 1 | 7 | 332.109224 FER | 000038262 | 15/07/2025 | 03/06/2015 | 134.00 | Book - Borrowing | Vol. 2. |